000 00502 a2200169 4500
003 Nust
005 20230201095609.0
040 _cNust
082 _a808.83,KIN
100 _aW. Barry
_9108330
245 _aThe junior School Shakespeare /
_bKing Henry V with introduction, Notes , & C.
_cW. Barry
260 _aBlackie and Son Limited
_bLondon
_c1939
300 _a143 p
_billus
_c18 cm
600 _aW. Barry
_9108330
650 _aThe junior school shakespeare
_9108331
942 _2ddc
_cBK
_k808.83,KIN
999 _c186345
_d186345